| 000 | 00852 a2200277 4500 | ||
|---|---|---|---|
| 001 | 200421822 | ||
| 999 |
_c200421822 _d38934 |
||
| 003 | TR-AnTOB | ||
| 005 | 20200525115830.0 | ||
| 008 | 150416e1990 tu 000 0 | ||
| 040 |
_aTR-AnTOB _beng _erda |
||
| 041 | _atur | ||
| 050 | 0 |
_aPN5355.T8 _bB57 1990 |
|
| 090 | _aPN5355.T8 B57 1990 | ||
| 245 | 0 | 0 |
_aBir basın emekçisi Rafet Genç / _chazırlayan Çağdaş Gazeteciler Derneği. |
| 264 | 1 |
_aAnkara : _bÇağdaş Gazeteciler Derneği Yayınları, _c1990 |
|
| 300 |
_a233 pages : _billustrations ; _c20 cm. |
||
| 336 |
_atext _2rdacontent |
||
| 337 |
_aunmediated _2rdamedia |
||
| 338 |
_avolume _2rdacarrier |
||
| 490 | 0 |
_aÇağdaş Gazeteciler Derneği yayınları _v3 |
|
| 600 |
_aGenç, Rafet, _d1935-1989 _9105650 |
||
| 650 | 0 |
_aGazeteciler _9105651 |
|
| 650 | 0 |
_aJournalists _9105652 |
|
| 942 | _cBK | ||